[Event "Stare Mesto op"]
[Site "Stare Mesto"]
[Date "2023.08.08"]
[Round "4"]
[White "Krizek, Frantisek"]
[Black "Teuschler, Barbara"]
[Result "1/2-1/2"]
[WhiteElo "1947"]
[BlackElo "2077"]
[PlyCount "59"]
[EventDate "2023.08.05"]
[EventType "swiss"]
[EventRounds "9"]
[EventCountry "CZE"]
[SourceTitle "EXT 2024"]
[Source "ChessBase"]
[SourceDate "2023.10.10"]
[SourceVersion "1"]
[SourceVersionDate "2023.10.10"]
[SourceQuality "1"]

1. c4 b6 2. Nc3 Bb7 3. d4 Nf6 4. Qc2 d5 5. cxd5 Nxd5 6. e4 Nxc3 7. bxc3 e5 8. dxe5 Nd7 9. Bf4 Qe7 10. Nf3 0-0-0 11. Rd1 h6 12. Bc4 g5 13. Bg3 Bg7 14. 0-0 a5 15. Bd5 Nxe5 16. Bxb7+ Kxb7 17. Nd4 Qc5 18. Nf5 Bf6 19. Rxd8 Rxd8 20. Nxh6 Qc4 21. Qb3 Qxe4 22. Nxf7 Rd3 23. Bxe5 Bxe5 24. Nxe5 Qxe5 25. Rc1 Qe2 26. h3 Rd2 27. Rf1 Rxa2 28. Qd5+ Ka7 29. Qf7 Kb7 30. Qd5+ 1/2-1/2

[Event "South Moravia Region-chT 2223"]
[Site "Czech Republic"]
[Date "2022.12.11"]
[Round "5.6"]
[White "Ruzicka, Frantisek"]
[Black "Krizek, Frantisek"]
[Result "1-0"]
[WhiteElo "2052"]
[BlackElo "1931"]
[PlyCount "52"]
[EventDate "2022.10.09"]
[EventType "team-tourn"]
[EventRounds "11"]
[EventCountry "CZE"]
[SourceTitle "EXT 2024"]
[Source "ChessBase"]
[SourceDate "2023.10.10"]
[SourceVersion "1"]
[SourceVersionDate "2023.10.10"]
[SourceQuality "1"]

1. c4 Nf6 2. Nc3 d6 3. d4 c6 4. e4 e5 5. Nf3 Nbd7 6. Be2 Be7 7. 0-0 0-0 8. h3 Re8 9. Be3 exd4 10. Nxd4 Nc5 11. Qc2 a5 12. Rad1 Bf8 13. Nxc6 Qc7 14. Nd4 Ncxe4 15. Ncb5 Qe7 16. Bf3 d5 17. Bf4 g5 18. Bh2 g4 19. hxg4 Bxg4 20. Nc7 Bxf3 21. gxf3 Ng5 22. Qf5 Ne6 23. Nxa8 Rxa8 24. cxd5 Ng7 25. Qe5 Qxe5 26. Bxe5 Nd7 1-0

[Event "South Moravia Region-chT 2223"]
[Site "Czech Republic"]
[Date "2022.10.23"]
[Round "2.4"]
[White "Krizek, Frantisek"]
[Black "Moc, Roman"]
[Result "1/2-1/2"]
[WhiteElo "1931"]
[BlackElo "1912"]
[PlyCount "82"]
[EventDate "2022.10.09"]
[EventType "team-tourn"]
[EventRounds "11"]
[EventCountry "CZE"]
[SourceTitle "EXT 2024"]
[Source "ChessBase"]
[SourceDate "2023.10.10"]
[SourceVersion "1"]
[SourceVersionDate "2023.10.10"]
[SourceQuality "1"]

1. c4 e5 2. Nc3 f5 3. Nf3 Nc6 4. d4 e4 5. Bg5 Be7 6. Bxe7 Ngxe7 7. Ng5 Ng6 8. Nh3 0-0 9. Qd2 d6 10. e3 Nce7 11. g3 b6 12. Ne2 Bd7 13. Nhf4 Nxf4 14. Nxf4 g5 15. Ng2 Ng6 16. h4 g4 17. h5 Nh8 18. Nf4 Nf7 19. 0-0-0 Ng5 20. Be2 Be6 21. Kb1 Qe7 22. Qc3 Qf6 23. Kc2 Rfe8 24. d5 Qxc3+ 25. Kxc3 Bd7 26. b4 Kf7 27. h6 Rad8 28. a4 a5 29. b5 Rg8 30. Rh5 Kf6 31. Rdh1 Nf7 32. R5h2 Rg5 33. Nh5+ Ke5 34. Nf4 Kf6 35. Kd4 Ne5 36. Kc3 Re8 37. Nh5+ Kf7 38. Nf4 Reg8 39. Kd4 Re8 40. Kc3 Kf6 41. Kd4 Kf7 1/2-1/2

[Event "Stare Mesto op"]
[Site "Stare Mesto"]
[Date "2022.08.17"]
[Round "6"]
[White "Zelba, Lukas"]
[Black "Krizek, Frantisek"]
[Result "1-0"]
[WhiteElo "2013"]
[BlackElo "1970"]
[PlyCount "83"]
[EventDate "2022.08.12"]
[EventType "swiss"]
[EventRounds "9"]
[EventCountry "CZE"]
[SourceTitle "CBM 209 Extra"]
[Source "ChessBase"]
[SourceDate "2022.09.30"]
[SourceVersion "1"]
[SourceVersionDate "2022.09.30"]
[SourceQuality "1"]

1. d4 c5 2. e3 cxd4 3. exd4 d5 4. Bd3 Nc6 5. Nf3 Nf6 6. c3 g6 7. 0-0 Bf5 8. Re1 Bxd3 9. Qxd3 Bg7 10. Bf4 Qb6 11. Na3 0-0 12. Nc2 Rac8 13. Nd2 e6 14. Nb3 Qd8 15. Bg5 h6 16. Bxf6 Qxf6 17. Re3 Qd8 18. Qe2 Na5 19. Nxa5 Qxa5 20. Ne1 Qc7 21. g3 Qc4 22. Nd3 b6 23. f4 Rc6 24. Qd2 Rc7 25. a3 Qc6 26. Rae1 Qb7 27. h3 a5 28. Kh2 Qc8 29. R1e2 Rc6 30. Rf3 Qd8 31. Rg2 Qe7 32. g4 Qd6 33. Kh1 Qd8 34. Qf2 Bf6 35. f5 exf5 36. gxf5 Bh4 37. Qg1 g5 38. Re2 Rf6 39. Ne5 Qc8 40. Ng4 Kg7 41. Nxf6 Kxf6 42. Qe3 1-0

[Event "Stare Mesto op"]
[Site "Stare Mesto"]
[Date "2019.08.23"]
[Round "7"]
[White "Krizek, Frantisek"]
[Black "Nekarda, Jan"]
[Result "1-0"]
[WhiteElo "1915"]
[BlackElo "1707"]
[PlyCount "21"]
[EventDate "2019.08.17"]
[EventType "swiss"]
[EventRounds "9"]
[EventCountry "CZE"]
[SourceTitle "EXT 2020"]
[Source "ChessBase"]
[SourceDate "2019.10.17"]
[SourceVersion "1"]
[SourceVersionDate "2019.10.17"]
[SourceQuality "1"]

1. c4 c5 2. Nc3 Nc6 3. Nf3 Nf6 4. d4 cxd4 5. Nxd4 e6 6. Bf4 a6 7. e4 Bb4 8. Nxc6 bxc6 9. Bd3 d5 10. cxd5 cxd5 11. Qa4+ 1-0

[Event "CZE-chT2E 1819"]
[Site "Czech Republic"]
[Date "2019.03.17"]
[Round "10.7"]
[White "Krizek, Frantisek"]
[Black "Sekanina, Jiri"]
[Result "0-1"]
[WhiteElo "1925"]
[BlackElo "2053"]
[PlyCount "74"]
[EventDate "2018.10.14"]
[EventType "team-tourn"]
[EventRounds "11"]
[EventCountry "CZE"]
[SourceTitle "EXT 2022"]
[Source "ChessBase"]
[SourceDate "2021.10.06"]
[SourceVersion "1"]
[SourceVersionDate "2021.10.06"]
[SourceQuality "1"]
[WhiteTeam "Veseli nad Moravou"]
[BlackTeam "Lipovec Garde"]
[WhiteTeamCountry "CZE"]
[BlackTeamCountry "CZE"]

1. c4 g6 2. Nc3 Nf6 3. d4 d5 4. cxd5 Nxd5 5. e4 Nxc3 6. bxc3 Bg7 7. Ba3 Nd7 8. Qb3 c5 9. Nf3 Qa5 10. Bc4 0-0 11. 0-0 h6 12. Rfe1 Rb8 13. Rac1 b5 14. Bf1 c4 15. Qb4 Qxb4 16. Bxb4 Re8 17. a4 a6 18. axb5 axb5 19. Ra1 Bb7 20. Ra7 Nb6 21. Nd2 Bf8 22. Ra5 Bc6 23. d5 Bd7 24. Ra7 Rec8 25. Ba5 Be8 26. Bxb6 Rxb6 27. Rb1 Rbb8 28. Be2 Bg7 29. Rxe7 Bxc3 30. Nf3 Bf6 31. Ra7 c3 32. e5 b4 33. exf6 c2 34. Raa1 b3 35. Nd4 cxb1Q+ 36. Rxb1 b2 37. Nc6 Bxc6 0-1

[Event "CZE-chT2E 1819"]
[Site "Czech Republic"]
[Date "2019.01.13"]
[Round "6.7"]
[White "Krizek, Frantisek"]
[Black "Malus, Petr"]
[Result "1-0"]
[WhiteElo "1925"]
[BlackElo "1831"]
[PlyCount "109"]
[EventDate "2018.10.14"]
[EventType "team-tourn"]
[EventRounds "11"]
[EventCountry "CZE"]
[SourceTitle "EXT 2022"]
[Source "ChessBase"]
[SourceDate "2021.10.06"]
[SourceVersion "1"]
[SourceVersionDate "2021.10.06"]
[SourceQuality "1"]
[WhiteTeam "Veseli nad Moravou"]
[BlackTeam "Kunovice"]
[WhiteTeamCountry "CZE"]
[BlackTeamCountry "CZE"]

1. c4 e5 2. Nc3 c5 3. Nf3 Nc6 4. d3 d6 5. e3 Nf6 6. Be2 Be7 7. 0-0 0-0 8. Nd5 Nxd5 9. cxd5 Nb4 10. e4 Bd7 11. Bd2 a5 12. Bxb4 axb4 13. Ne1 Bg5 14. Bg4 Ba4 15. b3 Bb5 16. g3 Ra7 17. Ng2 Qe7 18. h4 Bf6 19. f3 g6 20. Bh3 h6 21. Rf2 Kh7 22. Rc1 Rfa8 23. Rcc2 b6 24. Ne3 h5 25. Kh2 Bg7 26. Qe2 Be8 27. Ng2 Bh6 28. f4 exf4 29. gxf4 Bg7 30. Qf3 Bd4 31. Rfe2 Qf6 32. Qg3 Bb5 33. Kh1 Re8 34. Ne1 Bc3 35. Nf3 Rae7 36. Ng5+ Kh6 37. Bf1 Be5 38. Rf2 Bd4 39. Rg2 Bd7 40. Be2 Bc8 41. Bf3 Be3 42. f5 gxf5 43. Bxh5 f4 44. Qf3 Qa1+ 45. Kh2 Qe1 46. Rcf2 Rf8 47. Bg4 f5 48. exf5 Bxf5 49. Bxf5 Rxf5 50. Qg4 Rf6 51. Nf3 Qc3 52. Qg5+ Kh7 53. Qh5+ Rh6 54. Qf5+ Kh8 55. Qf8+ 1-0

[Event "Stare Mesto op"]
[Site "Stare Mesto"]
[Date "2018.08.20"]
[Round "3"]
[White "Krizek, Frantisek"]
[Black "Kubos, Rostislav"]
[Result "0-1"]
[WhiteElo "1942"]
[BlackElo "2179"]
[PlyCount "47"]
[EventDate "2018.08.18"]
[EventType "swiss"]
[EventRounds "9"]
[EventCountry "CZE"]
[SourceTitle "CBM 186 Extra"]
[Source "ChessBase"]
[SourceDate "2018.08.24"]
[SourceVersion "1"]
[SourceVersionDate "2018.08.24"]
[SourceQuality "1"]

1. c4 Nf6 2. Nc3 g6 3. d4 d5 4. cxd5 Nxd5 5. e4 Nxc3 6. bxc3 Bg7 7. Be3 0-0 8. Bc4 c5 9. Ne2 Nc6 10. 0-0 Qc7 11. a4 Na5 12. Bd3 e5 13. d5 b6 14. c4 f5 15. f3 Nb7 16. Nc3 a6 17. Rb1 f4 18. Bf2 Bf6 19. Qb3 Bd8 20. Be2 Qd6 21. g4 fxg3 22. Bxg3 Bh3 23. Rf2 Na5 24. Qb2 0-1

[Event "Stare Mesto op"]
[Site "Stare Mesto"]
[Date "2018.08.18"]
[Round "1"]
[White "Krizek, Frantisek"]
[Black "Miesbauer, Jan"]
[Result "0-1"]
[WhiteElo "1942"]
[BlackElo "2305"]
[PlyCount "108"]
[EventDate "2018.08.18"]
[EventType "swiss"]
[EventRounds "9"]
[EventCountry "CZE"]
[SourceTitle "CBM 186 Extra"]
[Source "ChessBase"]
[SourceDate "2018.08.24"]
[SourceVersion "1"]
[SourceVersionDate "2018.08.24"]
[SourceQuality "1"]

1. c4 e6 2. Nc3 Nf6 3. d4 Bb4 4. Bg5 h6 5. Bh4 c5 6. a3 Bxc3+ 7. bxc3 Qa5 8. Qd3 cxd4 9. Bxf6 gxf6 10. Qxd4 Qe5 11. Nf3 Qxd4 12. cxd4 b6 13. e3 Rg8 14. g3 Nc6 15. Be2 Ba6 16. Rc1 Ke7 17. c5 Bxe2 18. Kxe2 bxc5 19. Rxc5 Rab8 20. Rhc1 Rb3 21. R1c3 Rgb8 22. Kd3 Rb2 23. Rc2 Rb1 24. Nd2 Ra1 25. R5c3 Rc8 26. Ke2 f5 27. h4 a5 28. Nf3 Rb8 29. Nd2 Na7 30. Rc1 Ra2 31. R1c2 Nb5 32. Rc5 Rxa3 33. Nc4 Ra4 34. Kd3 Na3 35. Nxa3 Rxa3+ 36. Ke2 Ra8 37. R5c3 Rxc3 38. Rxc3 a4 39. Ra3 f6 40. Kd3 e5 41. Kc4 Ke6 42. f4 Kd6 43. dxe5+ fxe5 44. Rd3+ Kc6 45. fxe5 a3 46. Rd6+ Kc7 47. Rd1 a2 48. Ra1 Kc6 49. e4 fxe4 50. Kd4 Ra4+ 51. Ke3 Kd5 52. Kf4 Kd4 53. g4 Kc3 54. g5 hxg5+ 0-1

[Event "Stare Mesto op"]
[Site "Stare Mesto"]
[Date "2017.08.19"]
[Round "10"]
[White "Laurincova, Kristyna"]
[Black "Krizek, Frantisek"]
[Result "1-0"]
[WhiteElo "1854"]
[BlackElo "1950"]
[PlyCount "71"]
[EventDate "2017.08.11"]
[EventType "swiss"]
[EventRounds "10"]
[EventCountry "CZE"]
[SourceTitle "CBM 180 Extra"]
[Source "ChessBase"]
[SourceDate "2017.10.06"]
[SourceVersion "1"]
[SourceVersionDate "2017.10.06"]
[SourceQuality "1"]

1. e4 c6 2. Nc3 d5 3. Nf3 dxe4 4. Nxe4 Nd7 5. Bc4 Ngf6 6. Neg5 e6 7. Nxf7 Kxf7 8. Ng5+ Ke8 9. Nxe6 Qa5 10. Qe2 Qe5 11. Nc7+ Kd8 12. Nxa8 Bd6 13. Qxe5 Nxe5 14. Bb3 Re8 15. 0-0 Bf5 16. d4 Neg4 17. h3 Nh2 18. Rd1 Kd7 19. d5 Rxa8 20. dxc6+ Kxc6 21. Rxd6+ Kxd6 22. Bf4+ Kc6 23. Kxh2 a5 24. a4 Rd8 25. c3 Nd5 26. Rd1 Rd7 27. Be5 g6 28. Bc4 Nc7 29. Rxd7 Kxd7 30. Bxc7 Kxc7 31. Bb5 g5 32. g4 Be4 33. Kg3 Kd6 34. f4 h6 35. fxg5 hxg5 36. h4 1-0

[Event "Stare Mesto op"]
[Site "Stare Mesto"]
[Date "2017.08.15"]
[Round "6"]
[White "Buran, Jaroslav"]
[Black "Krizek, Frantisek"]
[Result "1-0"]
[WhiteElo "2160"]
[BlackElo "1950"]
[PlyCount "43"]
[EventDate "2017.08.11"]
[EventType "swiss"]
[EventRounds "10"]
[EventCountry "CZE"]
[SourceTitle "CBM 180 Extra"]
[Source "ChessBase"]
[SourceDate "2017.10.06"]
[SourceVersion "1"]
[SourceVersionDate "2017.10.06"]
[SourceQuality "1"]

1. Nf3 Nf6 2. c4 g6 3. Nc3 Bg7 4. d4 c5 5. d5 d6 6. e4 Nbd7 7. Be2 0-0 8. 0-0 Nb6 9. a4 Bg4 10. Qb3 Bxf3 11. Bxf3 Rb8 12. Bd2 Na8 13. Rfe1 Nc7 14. e5 dxe5 15. Rxe5 e6 16. Ree1 exd5 17. cxd5 Nfe8 18. Ne4 c4 19. Qxc4 Nxd5 20. Rad1 Nb6 21. Qb3 Qd4 22. Bf4 1-0

[Event "Stare Mesto op"]
[Site "Stare Mesto"]
[Date "2017.08.12"]
[Round "2"]
[White "Marsalek, Zdenek"]
[Black "Krizek, Frantisek"]
[Result "1-0"]
[WhiteElo "2197"]
[BlackElo "1950"]
[PlyCount "165"]
[EventDate "2017.08.11"]
[EventType "swiss"]
[EventRounds "10"]
[EventCountry "CZE"]
[SourceTitle "CBM 180 Extra"]
[Source "ChessBase"]
[SourceDate "2017.10.06"]
[SourceVersion "1"]
[SourceVersionDate "2017.10.06"]
[SourceQuality "1"]

1. c4 e5 2. g3 Nc6 3. Bg2 g6 4. Nc3 Bg7 5. e3 Nge7 6. Nge2 d6 7. 0-0 0-0 8. d3 Bf5 9. a3 Qc8 10. Re1 Bh3 11. Bh1 Be6 12. Rb1 Rd8 13. Nd5 Bxd5 14. cxd5 Nb8 15. Bd2 Nd7 16. b4 Nf6 17. Nc3 Qd7 18. Bg2 Ne8 19. Qb3 Rab8 20. Rec1 c5 21. dxc6 bxc6 22. Ne4 h6 23. Qa4 f5 24. Nc3 Kh7 25. Ne2 c5 26. Qc2 Rdc8 27. Qa2 cxb4 28. Bxb4 Nf6 29. d4 e4 30. Bf1 Nc6 31. Bd2 Nd8 32. Nf4 d5 33. Be2 g5 34. Ng2 Ne6 35. Rxc8 Rxc8 36. Rc1 Rxc1+ 37. Bxc1 Qc6 38. Bd2 Bf8 39. Qb3 Qb6 40. Qxb6 axb6 41. Bc1 Kg6 42. Ne1 g4 43. Bb5 Ng5 44. Ng2 Nf3+ 45. Kh1 Bd6 46. Bc6 Kf7 47. Nh4 Nxh4 48. gxh4 Ke6 49. Kg2 Be7 50. Bb7 Kd7 51. a4 Bb4 52. Kf1 Kc7 53. Ba8 Kd6 54. Bb7 Ng8 55. Kg2 Ne7 56. Ba6 Ke6 57. Bb5 Ng6 58. h5 Nf8 59. h3 gxh3+ 60. Kxh3 Nd7 61. Kg3 Nf6 62. Be2 Bd6+ 63. Kh4 Nh7 64. Bd2 Ng5 65. a5 bxa5 66. Bxa5 Be7 67. Kg3 Bd6+ 68. Kg2 Nh7 69. Bd1 f4 70. Bb3 f3+ 71. Kh3 Kf5 72. Bxd5 Ng5+ 73. Kh4 Be7 74. Bc6 Ne6+ 75. Kh3 Bd6 76. Bd7 Kf6 77. Kg4 Bh2 78. Bc6 Bg1 79. Kg3 Ng5 80. Bd8+ Kg7 81. Bxg5 hxg5 82. Bxe4 Kh6 83. Bxf3 1-0

[Event "Stare Mesto op"]
[Site "Stare Mesto"]
[Date "2016.08.09"]
[Round "6"]
[White "Vrtal, Jaroslav"]
[Black "Krizek, Frantisek"]
[Result "1-0"]
[WhiteElo "2093"]
[BlackElo "1924"]
[PlyCount "43"]
[EventDate "2016.08.05"]
[EventType "swiss"]
[EventRounds "10"]
[EventCountry "CZE"]
[SourceTitle "CBM 173 Extra"]
[Source "ChessBase"]
[SourceDate "2016.08.29"]
[SourceVersion "1"]
[SourceVersionDate "2016.08.29"]
[SourceQuality "1"]

1. Nf3 d5 2. d4 Nf6 3. Bf4 Nbd7 4. e3 Nh5 5. Bg3 e6 6. c4 Be7 7. Nc3 Nb6 8. b3 Bb4 9. Qc2 dxc4 10. bxc4 Bd7 11. Nd2 Bc6 12. a3 Ba5 13. f3 Qg5 14. Kf2 0-0-0 15. Nb3 Bxc3 16. Qxc3 Nxg3 17. hxg3 h5 18. a4 Bxa4 19. Nc5 h4 20. gxh4 Rxh4 21. Rxh4 Qxh4+ 22. g3 1-0

[Event "Stare Mesto op"]
[Site "Stare Mesto"]
[Date "2016.08.07"]
[Round "3"]
[White "Cerveny, Martin"]
[Black "Krizek, Frantisek"]
[Result "1-0"]
[WhiteElo "2380"]
[BlackElo "1924"]
[PlyCount "67"]
[EventDate "2016.08.05"]
[EventType "swiss"]
[EventRounds "10"]
[EventCountry "CZE"]
[SourceTitle "CBM 173 Extra"]
[Source "ChessBase"]
[SourceDate "2016.08.29"]
[SourceVersion "1"]
[SourceVersionDate "2016.08.29"]
[SourceQuality "1"]

1. d4 c5 2. d5 e5 3. e4 d6 4. f4 exf4 5. Bxf4 Ne7 6. Nf3 Ng6 7. Bg3 Be7 8. Nbd2 0-0 9. Bd3 Nd7 10. Nc4 b5 11. Nxd6 Bxd6 12. Bxd6 Re8 13. Qd2 Nf6 14. Bxc5 Nxe4 15. Bxe4 Rxe4+ 16. Kf2 Bg4 17. Rhe1 Bxf3 18. gxf3 Qh4+ 19. Kg1 Ne5 20. Rf1 Rf4 21. Qg2 Rf6 22. Kh1 Qc4 23. Be7 Rg6 24. Qd2 Re8 25. d6 Qc6 26. Rad1 Nd7 27. Qf2 h5 28. c3 a5 29. Qh4 Qc5 30. Qe4 Qc8 31. Rg1 Re6 32. Qf4 Qc5 33. Rg5 Re5 34. Rdg1 1-0

[Event "Stare Mesto op"]
[Site "Stare Mesto"]
[Date "2014.08.13"]
[Round "7"]
[White "Krizek, Frantisek"]
[Black "Blahynka, Martin"]
[Result "0-1"]
[WhiteElo "1943"]
[BlackElo "2210"]
[PlyCount "46"]
[EventDate "2014.08.08"]
[EventType "swiss"]
[EventRounds "10"]
[EventCountry "CZE"]
[SourceTitle "CBM 162 Extra"]
[Source "ChessBase"]
[SourceDate "2014.10.17"]
[SourceVersion "1"]
[SourceVersionDate "2014.10.17"]
[SourceQuality "1"]

1. c4 e5 2. Nc3 Nf6 3. Nf3 Nc6 4. d4 exd4 5. Nxd4 Bb4 6. Bg5 h6 7. Nxc6 bxc6 8. Bh4 0-0 9. e3 Bxc3+ 10. bxc3 c5 11. Be2 d6 12. 0-0 Rb8 13. Qa4 Rb2 14. Bd3 Qd7 15. Qxa7 Qg4 16. Bg3 Rd2 17. Bb1 Qe2 18. h3 Nh5 19. Kh2 Nxg3 20. Kxg3 f5 21. Rg1 Qxf2+ 22. Kh2 Qxe3 23. a4 f4 0-1

[Event "Stare Mesto op"]
[Site "Stare Mesto"]
[Date "2014.08.10"]
[Round "4"]
[White "Koutny, Petr"]
[Black "Krizek, Frantisek"]
[Result "1-0"]
[WhiteElo "2120"]
[BlackElo "1943"]
[PlyCount "65"]
[EventDate "2014.08.08"]
[EventType "swiss"]
[EventRounds "10"]
[EventCountry "CZE"]
[SourceTitle "CBM 162 Extra"]
[Source "ChessBase"]
[SourceDate "2014.10.17"]
[SourceVersion "1"]
[SourceVersionDate "2014.10.17"]
[SourceQuality "1"]

1. e4 c6 2. d4 d5 3. f3 e6 4. Nc3 Bb4 5. Nge2 dxe4 6. fxe4 Qh4+ 7. Ng3 Nf6 8. Qf3 Nbd7 9. Be2 c5 10. Be3 cxd4 11. Bxd4 Bc5 12. Qe3 Bxd4 13. Qxd4 Qf4 14. Qb4 a6 15. Rd1 Qe3 16. Rf1 a5 17. Qa3 Qc5 18. Qxc5 Nxc5 19. Kd2 Ke7 20. Ke3 Bd7 21. e5 Ne8 22. Nge4 Nxe4 23. Nxe4 f6 24. Nc5 Bc6 25. Bf3 Rc8 26. Rd2 b6 27. Bxc6 Rxc6 28. Rd7+ Kf8 29. exf6 gxf6 30. Ne4 f5 31. g4 Rc4 32. Ng5 Nf6 33. Rf7+ 1-0

[Event "Stare Mesto op"]
[Site "Stare Mesto"]
[Date "2013.08.10"]
[Round "2"]
[White "Straka, Vojtech"]
[Black "Krizek, Frantisek"]
[Result "1-0"]
[WhiteElo "2323"]
[BlackElo "1994"]
[PlyCount "103"]
[EventDate "2013.08.09"]
[EventType "swiss"]
[EventRounds "10"]
[EventCountry "CZE"]
[SourceTitle "CBM 155 Extra"]
[Source "ChessBase"]
[SourceDate "2013.08.26"]
[SourceVersion "1"]
[SourceVersionDate "2013.08.26"]
[SourceQuality "1"]

1. d4 c5 2. d5 e5 3. Nc3 d6 4. e4 Be7 5. Nf3 Bg4 6. h3 Bxf3 7. Qxf3 Bg5 8. Bb5+ Kf8 9. Qg3 Bxc1 10. Rxc1 a6 11. Be2 Nd7 12. Bg4 Qg5 13. 0-0 Ndf6 14. a4 h5 15. Be2 Qxg3 16. fxg3 h4 17. g4 Ne7 18. Bd3 Ng6 19. Ne2 Ke7 20. b3 Nh7 21. a5 Ng5 22. Rf2 Rhb8 23. Nc3 Nf8 24. Ra1 Nd7 25. Rf5 f6 26. Rff1 b6 27. axb6 Rxb6 28. Ra4 Rb4 29. Rfa1 Rxa4 30. Rxa4 a5 31. Kf2 Nb6 32. Ra1 Nf7 33. Bb5 Nd8 34. g3 hxg3+ 35. Kxg3 g6 36. h4 Nd7 37. Bxd7 Kxd7 38. Na4 Ke7 39. Nb6 Ra6 40. Nc4 Nb7 41. h5 gxh5 42. gxh5 Ra8 43. Kh4 Kf7 44. Rg1 Rh8 45. Ne3 Rh7 46. Nf5 c4 47. bxc4 a4 48. h6 Kf8 49. Kh5 Nc5 50. Nxd6 Rd7 51. Rb1 Rxd6 52. Rb8+ 1-0

[Event "CZE-chT2E 1213"]
[Site "Czech Republic"]
[Date "2013.02.03"]
[Round "8.8"]
[White "Krizek, Frantisek"]
[Black "Stuchly, Radim"]
[Result "1-0"]
[WhiteElo "2000"]
[BlackElo "1940"]
[PlyCount "131"]
[EventDate "2012.10.14"]
[EventType "team-tourn"]
[EventRounds "11"]
[EventCountry "CZE"]
[SourceTitle "EXT 2016"]
[Source "ChessBase"]
[SourceDate "2015.10.08"]
[SourceVersion "1"]
[SourceVersionDate "2015.10.08"]
[SourceQuality "1"]
[WhiteTeam "Veseli nad Moravou"]
[BlackTeam "Stare Mesto II"]
[WhiteTeamCountry "CZE"]
[BlackTeamCountry "CZE"]

1. c4 Nf6 2. Nc3 g6 3. d4 Bg7 4. e4 d6 5. f3 0-0 6. Be3 a6 7. Qd2 Nbd7 8. Nge2 c5 9. d5 Ne5 10. Nc1 Qc7 11. Be2 e6 12. 0-0 exd5 13. exd5 Re8 14. Kh1 h5 15. Bg5 Nh7 16. Bf4 Rb8 17. a4 b6 18. N1a2 Bd7 19. Rae1 f5 20. b3 Qd8 21. Be3 Qh4 22. Bf2 Qf6 23. f4 Ng4 24. Bxg4 fxg4 25. Ne4 Qf8 26. Nac3 Bf5 27. Ng3 Nf6 28. Nxf5 gxf5 29. Bh4 Qf7 30. Qd3 Nd7 31. Rxe8+ Rxe8 32. Re1 Rxe1+ 33. Bxe1 Qf6 34. Kg1 Kf7 35. Kf1 Kg6 36. Ne2 h4 37. Qe3 Qf7 38. Bxh4 Bf6 39. Be1 Qe7 40. Qd3 Qf7 41. a5 bxa5 42. Bxa5 Bh4 43. Bc3 Qe7 44. h3 gxh3 45. Qxh3 Bf6 46. Bd2 Qh7 47. Qxh7+ Kxh7 48. Kf2 Kg6 49. Kf3 Be7 50. g4 fxg4+ 51. Kxg4 Nf6+ 52. Kf3 Nh5 53. Ng3 Nxg3 54. Kxg3 Kf5 55. Kf3 Bf8 56. b4 Be7 57. bxc5 dxc5 58. Bc3 Bd8 59. Ke3 Bb6 60. Be5 Bd8 61. Bd6 Bb6 62. Kd3 a5 63. Kc3 Ke4 64. Be7 Kf5 65. d6 Ke6 66. Kb3 1-0

[Event "CZE-chT2E 1213"]
[Site "Czech Republic"]
[Date "2012.12.02"]
[Round "4.6"]
[White "Pise, Jan"]
[Black "Krizek, Frantisek"]
[Result "0-1"]
[WhiteElo "2077"]
[BlackElo "2000"]
[PlyCount "112"]
[EventDate "2012.10.14"]
[EventType "team-tourn"]
[EventRounds "11"]
[EventCountry "CZE"]
[SourceTitle "EXT 2016"]
[Source "ChessBase"]
[SourceDate "2015.10.08"]
[SourceVersion "1"]
[SourceVersionDate "2015.10.08"]
[SourceQuality "1"]
[WhiteTeam "Adamov"]
[BlackTeam "Veseli nad Moravou"]
[WhiteTeamCountry "CZE"]
[BlackTeamCountry "CZE"]

1. d4 c5 2. e3 cxd4 3. exd4 d5 4. Bd3 Nc6 5. c3 Nf6 6. Nd2 Bg4 7. Ngf3 e6 8. 0-0 Bd6 9. Re1 Bh5 10. Nf1 Bg6 11. Bg5 Qb6 12. Rb1 0-0 13. Bh4 Rfe8 14. Bg3 Bf8 15. Ne5 Nxe5 16. Bxe5 Nd7 17. Bg3 a6 18. Ne3 Rac8 19. h3 Qa5 20. a3 b5 21. Re2 Qb6 22. Qd2 Nf6 23. Rbe1 Qc6 24. f3 Nh5 25. Bh2 Bd6 26. Bxg6 Bxh2+ 27. Kxh2 Qd6+ 28. Kg1 hxg6 29. Nf1 Nf4 30. Re3 a5 31. g3 Nh5 32. Kg2 Nf6 33. Rd1 Rc6 34. Rd3 Rb8 35. Ne3 Nh5 36. Qf2 b4 37. axb4 axb4 38. Rc1 bxc3 39. bxc3 Qa3 40. Rc2 Rbc8 41. Qd2 Qd6 42. Qf2 R6c7 43. Nd1 Ra8 44. Rdd2 Rca7 45. Ne3 Ra3 46. Nd1 Ra1 47. Ne3 Nxg3 48. c4 Nh5 49. c5 Qc7 50. Rd1 Rxd1 51. Nxd1 Ra1 52. Rd2 Rc1 53. Kf1 Ng3+ 54. Kg2 Nf5 55. Nb2 Qf4 56. Nd3 Nh4+ 0-1

[Event "CZE-chT2E 1213"]
[Site "Czech Republic"]
[Date "2012.11.04"]
[Round "2.7"]
[White "Krizek, Frantisek"]
[Black "Knotek, Josef"]
[Result "1-0"]
[WhiteElo "2000"]
[BlackElo "1952"]
[PlyCount "87"]
[EventDate "2012.10.14"]
[EventType "team-tourn"]
[EventRounds "11"]
[EventCountry "CZE"]
[SourceTitle "EXT 2016"]
[Source "ChessBase"]
[SourceDate "2015.10.08"]
[SourceVersion "1"]
[SourceVersionDate "2015.10.08"]
[SourceQuality "1"]
[WhiteTeam "Veseli nad Moravou"]
[BlackTeam "Stare Mesto III"]
[WhiteTeamCountry "CZE"]
[BlackTeamCountry "CZE"]

1. c4 Nf6 2. Nc3 d5 3. cxd5 Nxd5 4. e4 Nxc3 5. bxc3 e5 6. Nf3 Bd6 7. d4 Bg4 8. dxe5 Bxf3 9. gxf3 Bxe5 10. Qxd8+ Kxd8 11. Bd2 f6 12. 0-0-0 Ke7 13. h4 Nc6 14. Rg1 g6 15. f4 Bd6 16. h5 Na5 17. e5 Ba3+ 18. Kc2 Kf7 19. c4 Nc6 20. Bc3 Rad8 21. Bg2 Rxd1 22. Rxd1 Rd8 23. Bd5+ Kf8 24. hxg6 hxg6 25. exf6 Nb4+ 26. Kb3 c6 27. Rh1 Rxd5 28. Bxb4+ Bxb4 29. cxd5 Bd6 30. dxc6 bxc6 31. Rh7 Bc5 32. f3 Bd4 33. f7 Bg7 34. Kc4 Kxf7 35. Kc5 Kg8 36. Rh2 Bc3 37. Kxc6 Kg7 38. Kd5 Kf6 39. Rc2 Be1 40. Ke4 a5 41. a4 Bb4 42. Rc6+ Kf7 43. f5 gxf5+ 44. Kxf5 1-0